000
00337nam a2200133 a 4500
008
101022s1970|||| d
245
1
0
_a
... alebo budeš za mnou nosiť smútok
044
_a
xo
_c
SK
041
_a
slo
100
1
_a
Collins, Larry
700
1
_a
Lapierre, Dominique
020
_c
28,50
260
_b
Epocha
_a
Bratislava
_c
1970
999
_c
12086
_d
12086